Promoviendo un cambio de actitud hacia el desarrollo sostenible/

Enregistré dans:
Détails bibliographiques
Auteur principal: Rodríguez Vargas, Adrían G.
Collectivités auteurs: Costa Rica. Ministerio de Planificación Nacional y Política Económica. Proyecto Sistema Nacional para el Desarrollo Sostenible, Banco Interamericano de Desarrollo
Autres auteurs: Vega, Erica
Format: Inconnue
Publié: San José: MIDEPLAN
Sujets:
Tags: Ajouter un tag
Pas de tags, Soyez le premier à ajouter un tag!

MARC

LEADER 00000 a2200000 04500
001 10458
003
008 991231s d
040
090 |a 136401  
100 |a Rodríguez Vargas, Adrían G.  
110 |a Costa Rica. Ministerio de Planificación Nacional y Política Económica. Proyecto Sistema Nacional para el Desarrollo Sostenible  
245 |a Promoviendo un cambio de actitud hacia el desarrollo sostenible/   |c Costa Rica. Ministerio de Planificación Nacional y Política Económica. Proyecto Sistema Nacional para el Desarrollo Sostenible  
260 |a San José:   |b MIDEPLAN  
300 |a xxiii, 189 p.  
650 |a DESARROLLO SUSTENTABLE  
650 |a SOCIEDAD  
650 |a DERECHO  
650 |a DEMOCRACIA  
650 |a ECONOMIA  
650 |a PARTICIPACION SOCIAL  
650 |a MEDIO AMBIENTE  
650 |a TECNOLOGIA  
700 |a Vega, Erica  
710 |a Banco Interamericano de Desarrollo  
999 |c 16324  |d 16324